000
00311nam a22001337a 4500
008
171027b xxu||||| |||| 00| 0 eng d
020
_a
0205121845
041
_a
eng
080
_2
4TH
_a
311
100
_a
55
101
_a
STA
245
_a
STATISTICS FOR MANAGEMENT AND ECONOMICS
_c
WATSON,C.J
942
_2
udc
_c
BK
999
_c
36023
_d
36023